Nouveau dictionnaire français-polonais... (Record no. 173033)
[ view plain ]
| 000 -LEADER | |
|---|---|
| campo de control de longitud fija | 00901nam a2200241 i 4500 |
| 001 - NÚMERO DE CONTROL | |
| campo de control | 173033 |
| 003 - IDENTIFICADOR DE NÚMERO DE CONTROL | |
| campo de control | ES-MaACL |
| 005 - FECHA Y HORA DE LA ÚLTIMA TRANSACCIÓN | |
| campo de control | 20230906215118.0 |
| 008 - DATOS DE LONGITUD FIJA--INFORMACIÓN GENERAL | |
| campo de control de longitud fija | 091015s1994 pl d |||| | pol d |
| 020 ## - NÚMERO INTERNACIONAL ESTÁNDAR DEL LIBRO | |
| Número Internacional Estándar del Libro | 83-7115-001-6 |
| 080 ## - NÚMERO DE LA CLASIFICACIÓN DECIMAL UNIVERSAL | |
| Número de la Clasificación Decimal Universal | 811.162.1'374=133.1 |
| 080 ## - NÚMERO DE LA CLASIFICACIÓN DECIMAL UNIVERSAL | |
| Número de la Clasificación Decimal Universal | (038)=133.1=162.1 |
| 100 1# - ENTRADA PRINCIPAL--NOMBRE DE PERSONA | |
| Nombre de persona | Kwiatkowski, Wladyslaw. |
| 9 (RLIN) | 141458 |
| 245 10 - MENCIÓN DEL TÍTULO | |
| Título | Nouveau dictionnaire français-polonais... |
| Resto del título | = Nowy slownik francuzko-polski... / |
| Mención de responsabilidad, etc. | Wladyslaw Kwiatkowski, Krzysztof Sobczynski. |
| 246 11 - FORMA VARIANTE DEL TITULO | |
| Título propio/Titulo breve | Nowy slownik francusko-polski |
| 260 ## - PUBLICACIÓN, DISTRIBUCIÓN, ETC. | |
| Lugar de publicación, distribución, etc. | Warszawa : |
| Nombre del editor, distribuidor, etc. | Spotkania, |
| Fecha de publicación, distribución, etc. | [1994?] |
| 300 ## - DESCRIPCIÓN FÍSICA | |
| Extensión | 475 p. ; |
| Dimensiones | 17 cm. |
| 594 ## - Nota al título y mención de responsabilidad | |
| Nota al título y mención de responsabilidad | Port. paralelas en francés y polaco. |
| 650 #4 - PUNTO DE ACCESO ADICIONAL DE MATERIA--TÉRMINO DE MATERIA | |
| Término de materia o nombre geográfico como elemento de entrada | Lengua francesa- |
| Subdivisión de forma | Diccionarios- |
| Subdivisión general | Polaco. |
| 9 (RLIN) | 141459 |
| 650 #4 - PUNTO DE ACCESO ADICIONAL DE MATERIA--TÉRMINO DE MATERIA | |
| Término de materia o nombre geográfico como elemento de entrada | Lengua polaca- |
| Subdivisión de forma | Diccionarios- |
| Subdivisión general | Francés. |
| 9 (RLIN) | 141460 |
| 740 0# - ENTRADA AGREGADA--TÍTULO RELACIONADO/ANALÍTICO NO CONTROLADO | |
| Título relacionado o analítico no controlado | Slownik dictionnaire. |
| 852 4# - LOCALIZACIÓN | |
| Ubicación | ES-MaACL |
| Número de control de estantería | E-13031 . - |
| Nota libre | Biblioteca Jacinto Martínez Lacalle |
| Estatus retirado | Estado de pérdida | Estado de daño | No para préstamo | Biblioteca de origen | Biblioteca actual | Ubicación en estantería | Fecha de adquisición | Fuente de adquisición | Total de préstamos | Signatura topográfica completa | Código de barras | Visto por última vez | Precio de reemplazo | Tipo de ítem Koha |
|---|---|---|---|---|---|---|---|---|---|---|---|---|---|---|
| Biblioteca del Ateneo de Madrid | Biblioteca del Ateneo de Madrid | Depósito 2 | 15/10/2009 | E-13031 | 1181563 | 23/02/2023 | 23/02/2023 | Libro impreso |
